Outsourcing Corporate Economic Activities and Its Impact on Business Ethics
Výhody a riziká spoločných stredísk služieb ako súčasť firemného finančného riadenia v konkrétnej nadnárodnej spoločnosti. Analýza zameraná na obchodné záväzky (nákupy vstupov od dodávateľov) vrátane digitalizácie dokumentov a celého procesu spracovania v účtovníctve. Etický aspekt globalizácie a je...
Uložené v:
| Hlavný autor: | |
|---|---|
| Ďalší autori: | , |
| Médium: | Kapitola |
| Jazyk: | English |
| Predmet: | |
| Tagy: |
Žiadne tagy, Buďte prvý, kto otaguje tento záznam!
|
MARC
| LEADER | 00000nla a2200000 4500 | ||
|---|---|---|---|
| 001 | 0243949 | ||
| 005 | 20240502083653.9 | ||
| 041 | 0 | |a eng | |
| 044 | |a RS | ||
| 245 | 1 | 0 | |a Outsourcing Corporate Economic Activities and Its Impact on Business Ethics |
| 520 | |a Výhody a riziká spoločných stredísk služieb ako súčasť firemného finančného riadenia v konkrétnej nadnárodnej spoločnosti. Analýza zameraná na obchodné záväzky (nákupy vstupov od dodávateľov) vrátane digitalizácie dokumentov a celého procesu spracovania v účtovníctve. Etický aspekt globalizácie a jej vplyv na informácie a komunikačné technológie. | ||
| 610 | 2 | 0 | |a outsourcing |
| 610 | 2 | 0 | |a archívy účtovné |
| 610 | 2 | 0 | |a globalizácia |
| 610 | 2 | 0 | |a digitalizácia |
| 610 | 2 | 0 | |a technológie informačné |
| 610 | 2 | 0 | |a technológie komunikačné |
| 610 | 2 | 0 | |a spolupráca medzinárodná |
| 610 | 2 | 0 | |a etika hospodárska |
| 610 | 2 | 0 | |a etika aplikovaná |
| 100 | 1 | |a Meluchová, Jitka, 1965- | |
| 700 | 1 | |a Mateášová, Martina, 1979- | |
| 700 | 1 | |a Ondrušová, Lucia, 1981- | |